| 000 | 01456nam a22003257a 4500 | ||
|---|---|---|---|
| 001 | 768714001 | ||
| 003 | CO-MdFUSB | ||
| 005 | 20230217092634.0 | ||
| 008 | 230217t1991 -us||||f |||| 00| 0 eng d | ||
| 020 | _a0664251366 | ||
| 040 |
_aCO-MdFUSB _bspa _cCO-MdFUSB _dCO-MdFUSBC _erda |
||
| 041 | _aeng | ||
| 082 |
_223 _a296 _bN496 |
||
| 100 |
_aNeusner, Jacob. _eautor |
||
| 245 | 1 | 0 |
_aStudying classical judaism _b: a primer _c/ Jacob Neusner |
| 264 | 1 |
_aLouisville, Kentucky : _bWestminster John Knox Press, _c1991 |
|
| 264 | 4 | _c©1991 | |
| 300 |
_a208 páginas _c; 23 cm |
||
| 336 |
_2rdacontent _atexto _btxt |
||
| 337 |
_2rdamedia _asin mediación _bn |
||
| 338 |
_2rdacarrier _avolumen _bnc |
||
| 504 | _aÏndices páginas 203-208 | ||
| 505 | _aI. Del judaísmo a los judaísmos -- II. De Yeshiva y Seminario a Universidad -- III. ¿Qué queremos saber ahora sobre el judaísmo en los primeros seis siglos d.C.? -- IV. Método histórico-crítico en el estudio del judaísmo formativo -- V. De la historia a la religión -- VI. Filosofía y religión: las dos primeras etapas en la formación del judaísmo -- VII. La formación del judaísmo: la Mishná y la filosofía -- VIII. La formación del judaísmo: el primer talmud y la religión -- IX. La ciudad de Dios del judaísmo | ||
| 563 | _aRústico | ||
| 650 | 7 |
_96884 _aJudaísmo _xHistoria |
|
| 650 | 7 |
_96881 _aJudaísmo |
|
| 942 | _cBK | ||
| 945 | _aAF | ||
| 999 |
_c68413 _d68413 |
||